00458cam a2200181ua 4500001000500000005001700005008003900022040000900061041000800070082001100078100003300089245006800122250000900190260002700199300001000226653001800236653002200254881220260515114359.0150214n ii |||gr||||Z||||||eng cMAIN aeng a822.33 aKhandel wal, K. N.,eEditor.1 aWilliam Shakespeare as you like itcEdited by K . N. Khandelwal a1st. aAgra:bLakshmi,c1974. a338p. aEnglish drama aShakespeare drama